000 00352nam a22001577a 4500
003 SGT
020 _a9788131210796
082 _a616.1207
_bA07P
100 _aPHIBBS, BRENDAN P.
245 _aADVANCED ECG : BOARDS AND BEYOND
250 _a2ND
260 _aINDIA
_bELSEVIER PUB
_c2007
300 _a294
650 _aCARDIOLOGY
942 _2ddc
_cBK
999 _c21797
_d21797